00887nam a2200253 i 450000100060000000300090000600500170001500700030003200800410003502000180007604000220009408000330011610000410014924500640019025000120025426000430026630000200030949000280032960000680035783000360042585200330046199900170049495201220051113185ES-MaACL20250701212924.0t|960918s1996 sp ||||0| spa j a84-7923-083-5 aM-BN bspa cM-BN a32 Machiavèlli, Niccoláo1 aBermudo Avila, José Manuel.92815410aNicolás Maquiavelo (1469-1527) / cJosé Manuel Bermudo. a1ª ed. aMadrid : bEdiciones del Orto, c1996. a94 p ; c17 cm.1 aBiblioteca filosófica14aMachiavèlli, Niccolò-xCrítica e interpretación.97518200aBiblioteca filosófica9179275 aES-MaACLjL-20555 bR.125219 c13185d13185 00104070aATENEOMbATENEOMcDEPO2d2008-01-17eSCl0oL-20555p1013427r2023-02-23 00:00:00w2023-02-23yMONOGRAFIA